|
|
|
|
| LEADER |
00000cam a2200000 c 4500 |
| 001 |
599820802 |
| 003 |
DE-627 |
| 005 |
20251223221243.0 |
| 007 |
tu |
| 008 |
090514s2009 gw ||||| 00| ||ger c |
| 015 |
|
|
|a 09,N21,1199
|2 dnb
|
| 015 |
|
|
|a 09,N21,1199
|2 dnb
|
| 016 |
7 |
|
|a 994014090
|2 DE-101
|
| 020 |
|
|
|a 9783884144855
|c PB. : ca. EUR 24.95, ca. sfr 42.90 (freier Pr.)
|9 978-3-88414-485-5
|
| 024 |
3 |
|
|a 9783884144855
|
| 035 |
|
|
|a (DE-627)599820802
|
| 035 |
|
|
|a (DE-576)310168333
|
| 035 |
|
|
|a (DE-599)DNB994014090
|
| 035 |
|
|
|a (OCoLC)472480529
|
| 035 |
|
|
|a (OCoLC)644052478
|
| 040 |
|
|
|a DE-627
|b ger
|c DE-627
|e rakwb
|
| 041 |
|
|
|a ger
|
| 044 |
|
|
|c XA-DE-NW
|
| 082 |
0 |
|
|a 150
|q BSZ
|
| 082 |
0 |
|
|a 610
|q BSZ
|
| 082 |
0 |
4 |
|a 610
|a 340
|
| 082 |
0 |
4 |
|a 610
|a 150
|
| 084 |
|
|
|a DS 7700
|q BVB
|2 rvk
|0 (DE-625)rvk/19971:
|
| 245 |
0 |
0 |
|a Motivation und Widerstand
|b Herausforderungen im Maßregelvollzug : Forensik 2009, 24. Eickelborner Fachtagung zu Fragen der Forensischen Psychiatrie 4. bis 6. März 2009
|c Nahlah Saimeh (Hg.)
|
| 250 |
|
|
|a 1. Aufl.
|
| 263 |
|
|
|a Erscheint: Oktober 2009
|
| 264 |
|
1 |
|a Bonn
|b Psychiatrie-Verlag
|c 2009
|
| 300 |
|
|
|a 352 S.
|b graph. Darst.
|c 215 mm x 140 mm
|
| 336 |
|
|
|a Text
|b txt
|2 rdacontent
|
| 337 |
|
|
|a ohne Hilfsmittel zu benutzen
|b n
|2 rdamedia
|
| 338 |
|
|
|a Band
|b nc
|2 rdacarrier
|
| 490 |
0 |
|
|a Fachbuch
|
| 500 |
|
|
|a Literaturangaben
|
| 583 |
1 |
|
|a Archivierung prüfen
|c 20200919
|f DE-640
|z 2
|2 pdager
|
| 583 |
1 |
|
|a Archivierung prüfen
|c 20240324
|f DE-4165
|z 1
|2 pdager
|
| 655 |
|
7 |
|a Konferenzschrift
|y 2009
|z Eickelborn
|0 (DE-588)1071861417
|0 (DE-627)826484824
|0 (DE-576)433375485
|2 gnd-content
|
| 689 |
0 |
0 |
|d s
|0 (DE-588)4132077-3
|0 (DE-627)105690384
|0 (DE-576)209632550
|a Maßregelvollzug
|2 gnd
|
| 689 |
0 |
1 |
|d s
|0 (DE-588)4020335-9
|0 (DE-627)10440096X
|0 (DE-576)208932895
|a Gerichtliche Psychiatrie
|2 gnd
|
| 689 |
0 |
|
|5 DE-101
|
| 700 |
1 |
|
|a Saimeh, Nahlah
|d 1966-
|e Hrsg.
|0 (DE-588)121013499
|0 (DE-627)081030479
|0 (DE-576)181166305
|4 edt
|
| 711 |
2 |
|
|a Eickelborner Fachtagung
|n 24
|d 2009
|c Eickelborn
|0 (DE-588)16025017-1
|0 (DE-627)712744517
|0 (DE-576)312155352
|4 oth
|
| 856 |
4 |
2 |
|u http://www.socialnet.de/rezensionen/isbn.php?isbn=978-3-88414-485-5
|m V:DE-601
|m B:socialnet.
|q text/html
|v 201307-05
|x Verlag
|y Rezension (socialnet.)
|3 Rezension
|7 1
|
| 856 |
4 |
2 |
|u http://d-nb.info/994014090/04
|m B:DE-101
|q application/pdf
|v 20130501
|x Verlag
|3 Inhaltsverzeichnis
|7 1
|
| 935 |
|
|
|i Blocktest
|
| 936 |
r |
v |
|a DS 7700
|b Kriminalpädagogik, Resozialisierung, Straffälligenhilfe (Erwachsene)
|k Pädagogik
|k Sozialpädagogik, Sozialarbeit
|k Berufsfelder
|k Kriminalpädagogik, Resozialisierung, Straffälligenhilfe (Erwachsene)
|0 (DE-627)1270784579
|0 (DE-625)rvk/19971:
|0 (DE-576)200784579
|
| 951 |
|
|
|a BO
|
| ELC |
|
|
|b 1
|
| ORI |
|
|
|a SA-MARC-krimdokb001.raw
|
| SPR |
|
|
|a 1
|t KRI
|
| TIM |
|
|
|a 100020090101_100020091231
|b 2009 - 2009
|